000 01227nam a22003131 4500
001 17619
003 BD-RjUL
005 20211209000152.0
008 140217r19571945enk b 001 0 eng d
035 _a(BD-RjUL)17677
040 _aHarvard Univ. Library
_cDLC
_dDLC
_dBD-RjUL
_beng
041 _aeng
082 0 0 _a820.902
_bCHE 1957
100 1 _aChambers, E. K.,
_q(Edmund Kerchever),
_d1866-1954.
_951596
245 1 0 _aEnglish literature at the close of the Middle Ages /
_cby E.K. Chambers.
260 _aOxford :
_bThe Clarendon press,
_c1945 [impression 1957].
300 _a3 p.1., 247, [1] p. :
_c23 cm.
504 _aIncludes bibliographical references and index.
600 1 0 _aMalory, Thomas,
_cSir,
_dactive 15th century.
_9238734
650 0 _aEnglish literature
_yMiddle English, 1100-1500
_xHistory and criticism.
_953778
650 0 _aArthurian romances
_xHistory and criticism.
_920422
650 0 _aRomances, English
_xHistory and criticism.
_954321
650 0 _aKnights and knighthood in literature.
_920424
650 0 _aKings and rulers in literature.
_920426
942 _2ddc
_cBK
999 _c17619
_d17619